<?xml version="1.0" encoding="UTF-8"?>
<record
    xmlns:xsi="http://www.w3.org/2001/XMLSchema-instance"
    xsi:schemaLocation="http://www.loc.gov/MARC21/slim http://www.loc.gov/standards/marcxml/schema/MARC21slim.xsd"
    xmlns="http://www.loc.gov/MARC21/slim">

  <leader>02108nam a22002177a 4500</leader>
  <controlfield tag="005">20251208103957.0</controlfield>
  <controlfield tag="008">220824b           ||||| |||| 00| 0 eng d</controlfield>
  <datafield tag="020" ind1=" " ind2=" ">
    <subfield code="a">9789351190806</subfield>
  </datafield>
  <datafield tag="040" ind1=" " ind2=" ">
    <subfield code="c">AL</subfield>
  </datafield>
  <datafield tag="041" ind1=" " ind2=" ">
    <subfield code="a">English</subfield>
  </datafield>
  <datafield tag="082" ind1=" " ind2=" ">
    <subfield code="2">23</subfield>
    <subfield code="a">005.276</subfield>
    <subfield code="b">DTEA</subfield>
  </datafield>
  <datafield tag="100" ind1=" " ind2=" ">
    <subfield code="a">DT Editorial Services</subfield>
    <subfield code="9">248200</subfield>
  </datafield>
  <datafield tag="245" ind1=" " ind2=" ">
    <subfield code="a">ASP.NET 4.5 Covers C # 2012 and VB 2012 Codes</subfield>
    <subfield code="b">: Black Book</subfield>
  </datafield>
  <datafield tag="260" ind1=" " ind2=" ">
    <subfield code="a">New Delhi</subfield>
    <subfield code="b">Dreamtech Press</subfield>
    <subfield code="c">2018</subfield>
  </datafield>
  <datafield tag="300" ind1=" " ind2=" ">
    <subfield code="a">xxxi,1263p</subfield>
    <subfield code="b">PB</subfield>
    <subfield code="c">24x18 cm</subfield>
  </datafield>
  <datafield tag="365" ind1=" " ind2=" ">
    <subfield code="a">3741</subfield>
    <subfield code="b">&#x20B9;639.00</subfield>
    <subfield code="c">&#x20B9;</subfield>
    <subfield code="d">&#x20B9;799.00</subfield>
    <subfield code="e">20%</subfield>
    <subfield code="f">23-08-2022</subfield>
  </datafield>
  <datafield tag="520" ind1=" " ind2=" ">
    <subfield code="a">ASP.NET 4.5 Black Book is the one-time reference book, written from the programmer&#x2019;s point of view, containing hundreds of examples and covering nearly every aspect of ASP.NET 4.5 in both VB and C#. It will help you to master the entire spectrum of ASP.NET&#x2014; from features of ASP.NET 4.5 to securing ASP.NET 4.5 pages, from standard and advance controls to CSS Style manager, from Web services to WCF services, from Web Parts Framework to AJAX, from XML to LINQ, from Silverlight to WPF, from COM + to RSS and Atom feed, and from IIS to CardSpace.

This book will help you to:
Work with various ASP.NET 4.5 controls&#x2014;Standard, Validation, Data,
Navigation, Login, Web parts, and HTML
Personalize websites with the help of Web parts
Work with LINQ queries and XML
Get an insight into various technologies&#x2014;AJAX, WPF, and Silverlight
Use master pages for applying a single theme for a complete Web application
Understand the concepts of Caching and Globalization
Work with Web services and WCF services
Track an application using Performance Counters and Trace class
Display personalized information on websites using User profiles
Understand .NET Compact Framework and Mobile application architecture
Understand Component Object Model (COM+)
Work with RSS feed and Atom feed
Understand Internet Information Services (IIS 7.5)
CSS Style Manager
Database Controls
LINQ Queries
Entity Framework
Data Services Framework
Dynamic Data Framework
</subfield>
  </datafield>
  <datafield tag="650" ind1=" " ind2=" ">
    <subfield code="a">ASP.NET 4.5</subfield>
    <subfield code="9">55290</subfield>
  </datafield>
  <datafield tag="650" ind1=" " ind2=" ">
    <subfield code="a">ASP.NET Web service</subfield>
    <subfield code="9">55291</subfield>
  </datafield>
  <datafield tag="942" ind1=" " ind2=" ">
    <subfield code="2">ddc</subfield>
    <subfield code="c">BK</subfield>
  </datafield>
  <datafield tag="999" ind1=" " ind2=" ">
    <subfield code="c">224469</subfield>
    <subfield code="d">224469</subfield>
  </datafield>
  <datafield tag="952" ind1=" " ind2=" ">
    <subfield code="0">0</subfield>
    <subfield code="1">0</subfield>
    <subfield code="2">ddc</subfield>
    <subfield code="4">0</subfield>
    <subfield code="7">0</subfield>
    <subfield code="8">CAA</subfield>
    <subfield code="a">AL</subfield>
    <subfield code="b">AL</subfield>
    <subfield code="d">2022-08-24</subfield>
    <subfield code="e">Biblios Book Point, Surathkal, Mangalore-575014</subfield>
    <subfield code="g">639.00</subfield>
    <subfield code="l">1</subfield>
    <subfield code="o">005.276 DTEA</subfield>
    <subfield code="p">076009</subfield>
    <subfield code="r">2024-12-06 00:00:00</subfield>
    <subfield code="s">2024-07-06</subfield>
    <subfield code="v">799.00</subfield>
    <subfield code="w">2022-08-24</subfield>
    <subfield code="y">BK</subfield>
  </datafield>
  <datafield tag="952" ind1=" " ind2=" ">
    <subfield code="0">0</subfield>
    <subfield code="1">0</subfield>
    <subfield code="2">ddc</subfield>
    <subfield code="4">0</subfield>
    <subfield code="7">0</subfield>
    <subfield code="8">CAA</subfield>
    <subfield code="a">AL</subfield>
    <subfield code="b">AL</subfield>
    <subfield code="d">2022-08-24</subfield>
    <subfield code="e">Biblios Book Point, Surathkal, Mangalore-575014</subfield>
    <subfield code="g">639.00</subfield>
    <subfield code="l">1</subfield>
    <subfield code="o">005.276 DTEA</subfield>
    <subfield code="p">076010</subfield>
    <subfield code="r">2024-10-24 00:00:00</subfield>
    <subfield code="s">2024-07-01</subfield>
    <subfield code="v">799.00</subfield>
    <subfield code="w">2022-08-24</subfield>
    <subfield code="y">BK</subfield>
  </datafield>
</record>
